Quick Pick: 'Your Love' Songs Quiz Stats

 Plays Quiz Updated Jul 28, 2018

Challenge
Share
Tweet
Score 0/14 Timer 01:30
7 Plays Today
% Correct
Deep
96.2%
Enough
95.7%
Lifting
94.6%
Live
93.7%
Town
91%
Come
91%
Flow
91%
% Correct
Turn
86.4%
Lost
86.1%
Hide
81.9%
Want
80.3%
Feel
77.9%
Sunshine
75.6%
Pull
43.8%

Today's Daily Dose

You're not logged in!

Compare scores with friends on all Sporcle quizzes.
Join for Free
OR
Log In

You Might Also Like...

Show Comments

Extras

Top Quizzes Today


Score Distribution

Your Account Isn't Verified!

In order to create a playlist on Sporcle, you need to verify the email address you used during registration. Go to your Sporcle Settings to finish the process.

Report this User

Report this user for behavior that violates our Community Guidelines.

Details: